Applied cryptology, cryptographic protocols, and computer security models /
Guardado en:
| Autor Corporativo: | |
|---|---|
| Otros Autores: | |
| Formato: | Libro |
| Idioma: | English |
| Publicado: |
Providence, R.I. :
American Mathematical Society,
c1983.
|
| Series: | Proceedings of symposia in applied mathematics ;
v. 29. Proceedings of symposia in applied mathematics. AMS short course lecture notes. |
| Materias: | |
| Etiquetas: |
Agregar Etiqueta
Sin Etiquetas, Sea el primero en etiquetar este registro!
|
| LEADER | 01243cam a2200277 a 4500 | ||
|---|---|---|---|
| 001 | MAT.inmabb003401 | ||
| 008 | 830805s1983####riua#####b####000#0#eng## | ||
| 005 | 20171012184736.0 | ||
| 245 | 0 | 0 | |a Applied cryptology, cryptographic protocols, and computer security models / |c [by Richard A. DeMillo ... et al.]. |
| 260 | |a Providence, R.I. : |b American Mathematical Society, |c c1983. | ||
| 300 | |a xi, 192 p. : |b il. ; |c 27 cm. | ||
| 490 | 1 | |a Proceedings of symposia in applied mathematics, |x 0160-7634 ; |v v. 29. |a AMS short course lecture notes | |
| 500 | |a "Lecture notes prepared for the AMS short course 'Cryptology in revolution: mathematics and models', held in San Francisco, Calif., Jan. 5-6, 1981". | ||
| 504 | |a Bibliografía: p. 187-192. | ||
| 510 | 4 | |a MR, |c 86g:68002 | |
| 020 | |a 0821800418 | ||
| 700 | 1 | |a DeMillo, Richard A. | |
| 710 | 2 | |a American Mathematical Society. | |
| 830 | 0 | |a Proceedings of symposia in applied mathematics ; |v v. 29. | |
| 830 | 0 | |a Proceedings of symposia in applied mathematics. |p AMS short course lecture notes. | |
| 650 | 0 | |a Computers |x Access control. | |
| 650 | 0 | |a Cryptography. | |
| 084 | |a 68-02 (68N25 68P25 94A60) |2 MR | ||
| 010 | |a 83015548 | ||
| 040 | |a DLC |c DLC |d DLC | ||
| 859 | |k H |p PSAM-29 |b BIB. MATEMATICA | ||
